000 01805nam a22002297a 4500
003 IT-MiCISF
005 20240716122224.0
008 240716b |||||||| |||| 00| 0 eng d
020 _a9788865128565
040 _cIT-MiCISF
041 _ait
100 _aDe Santis Luca
_960892
245 _a----vuoto----
_b----vuoto----
260 _aVenezia,
_bMarcianum Press,
_c2022
300 _app. 143
500 _asocietà, pandemia, cambiamento, famiglia, filosofia, chiesa, politica
501 _aPresentazione di Gianfranco Fabi
520 _aL’attuale pandemia non ha cambiato il mondo, ma ha avuto solo il “merito” di scoperchiare delle problematiche che erano già presenti in società, che gettano le radici negli albori del XX secolo e che ci portano a effettuare una riflessione dal punto di vista sia politico che ecclesiale. Il libro si apre con una riflessione sul ‘900 avvalendosi del contributo di pensatori quali Martin Heidegger, Romano Guardini e Jacques Ellul. La loro riflessione pone in evidenza il sorgere di quelle problematiche che nel nostro tempo sono divenute grandi problemi, coinvolgendo varie generazioni, sino a raggiungere i nostri giovani. La pandemia ci ha chiusi nei nostri “bunker”; ora che ne stiamo venendo fuori, che tipo di mondo troveremo? Ma, soprattutto, potremmo continuare lo stile di vita precedente? Si aprono così delle piste di riflessione, che l’Autore attinge dal mondo universitario in cui ha lavorato in questi ultimi anni, dalla pastorale svolta in parrocchia e dall’osservazione politica su cui ha riflettuto anche nelle sue precedenti pubblicazioni. È un libro che ci interroga sul futuro che ci aspetta.
650 _aSocietà
654 _asaggio
942 _2ddc
_cBK
999 _c360199
_d360201